000
00253nam a22001097a 4500
999
_c
65000
_d
64997
082
_a
297
_a
KAU
100
_a
KAUKAB SIDDIQUE
_a
KAUKAB SIDDIQUE
245
_a
ISLAM the wave of the future
260
_a
PAKISTAN
_b
kARACHI
_c
1993
300
_a
74p
942
_c
BK